[Event "56th Rubinstein Memorial D 2020"]
[Site "Polanica Zdroj"]
[Date "2020.08.16"]
[Round "2.19"]
[White "Lukasiewicz, Aleksander"]
[Black "Soszka, Szymon"]
[Result "1-0"]
[WhiteElo "1960"]
[BlackElo "1206"]
[Annotator "ChessBase"]
[PlyCount "57"]
[EventDate "2020.08.15"]
[EventType "swiss"]
[EventCountry "POL"]
[SourceTitle "playchess.com"]
[Source "ChessBase"]
[SourceQuality "1"]
[TimeControl "40/5400+30:1800+30"]

1. e4 {[%emt 0:09:43]} c6 {[%emt 0:00:00]} 2. d4 {[%emt 0:00:04]} d5 {[%emt 0:00:00]} 3. exd5 {[%emt 0:00:05]} cxd5 {[%emt 0:00:00]} 4. Bd3 {[%emt 0:00:04]} Nf6 {[%emt 0:00:09]} 5. c3 {[%emt 0:00:07]} Bg4 {[%emt 0:01:08]} 6. Qb3 {[%emt 0:00:06]} Qc8 {[%emt 0:00:55]} 7. Bf4 {[%emt 0:00:08]} e6 {[%emt 0:00:15]} 8. Nd2 {[%emt 0:00:06]} Nc6 {[%emt 0:00:43]} 9. Ngf3 {[%emt 0:00:08]} Be7 {[%emt 0:01:39]} 10. O-O {[%emt 0:00:07]} O-O {[%emt 0:00:07]} 11. Ne5 {[%emt 0:01:10]} Nh5 {[%emt 0:02:27]} 12. Be3 {[%emt 0:04:55]} Nf6 {[%emt 0:02:13]} 13. Bg5 {[%emt 0:05:37]} Bh5 {[%emt 0:02:05]} 14. Rfe1 {[%emt 0:01:44]} Nd7 {[%emt 0:02:27]} 15. Bxe7 {[%emt 0:21:18]} Nxe7 {[%emt 0:01:41]} 16. Re3 {[%emt 0:02:40]} Nxe5 {[%emt 0:02:40]} 17. dxe5 {[%emt 0:00:37]} Bg6 {[%emt 0:00:12]} 18. Nf3 {[%emt 0:01:14]} Qc7 {[%emt 0:02:13]} 19. Rd1 {[%emt 0:02:00]} Bxd3 {[%emt 0:02:00]} 20. Rdxd3 {[%emt 0:00:13]} Nf5 {[%emt 0:00:14]} 21. Re1 {[%emt 0:00:43]} Rfd8 {[%emt 0:00:46]} 22. h3 {[%emt 0:00:20]} Rd7 {[%emt 0:00:26]} 23. g4 {[%emt 0:02:47]} Ne7 {[%emt 0:00:09]} 24. Nd4 {[%emt 0:01:40]} a6 {[%emt 0:00:45]} 25. f4 {[%emt 0:02:05]} Nc6 {[%emt 0:01:10]} 26. Nf3 {[%emt 0:01:48]} Ne7 {[%emt 0:03:00]} 27. Qc2 {[%emt 0:02:44]} Qc4 {[%emt 0:01:25]} 28. Rd4 {[%emt 0:02:11]} Qxa2 {[%emt 0:03:14]} 29. Ra4 {[%emt 0:00:50]} 1-0

[Event "56th Rubinstein Memorial D 2020"]
[Site "Polanica Zdroj"]
[Date "2020.08.16"]
[Round "2.20"]
[White "Lisiecki, Robert"]
[Black "Stachowiak, Bruno"]
[Result "0-1"]
[WhiteElo "1749"]
[BlackElo "1369"]
[Annotator "NA"]
[PlyCount "66"]
[EventDate "2020.08.15"]
[EventType "swiss"]
[EventCountry "POL"]
[SourceTitle "playchess.com"]
[Source "ChessBase"]
[SourceQuality "1"]
[TimeControl "40/5400+30:1800+30"]

1. e4 {[%emt 0:00:00]} e5 {[%emt 0:00:35]} 2. Nf3 {[%emt 0:00:00]} Nc6 {[%emt 0:00:05]} 3. Nc3 {[%emt 0:00:00]} Nf6 {[%emt 0:00:56]} 4. Bb5 {[%emt 0:00:00]} Bb4 {[%emt 0:00:31]} 5. O-O {[%emt 0:00:16]} O-O {[%emt 0:00:42]} 6. d3 {[%emt 0:00:03]} d6 {[%emt 0:00:58]} 7. Bg5 {[%emt 0:00:14]} h6 {[%emt 0:03:58]} 8. Bxf6 {[%emt 0:01:31]} gxf6 {[%emt 0:02:05]} 9. Nd5 {[%emt 0:00:33]} Bc5 {[%emt 0:00:47]} 10. Bxc6 {[%emt 0:06:01]} bxc6 {[%emt 0:00:32]} 11. Ne3 {[%emt 0:00:17]} Rb8 {[%emt 0:05:05]} 12. Nh4 {[%emt 0:02:00]} Kh7 {[%emt 0:06:01]} 13. Nef5 {[%emt 0:00:31]} Bxf5 {[%emt 0:04:29]} 14. Nxf5 {[%emt 0:00:06]} Rg8 {[%emt 0:00:35]} 15. Kh1 {[%emt 0:03:45]} Rg6 {[%emt 0:01:59]} 16. f4 {[%emt 0:01:33]} exf4 {[%emt 0:07:45]} 17. Rxf4 {[%emt 0:00:58]} d5 {[%emt 0:02:11]} 18. Qf3 {[%emt 0:09:47]} Bd6 {[%emt 0:05:19]} 19. Rh4 {[%emt 0:01:58]} dxe4 {[%emt 0:01:55]} 20. Qxe4 {[%emt 0:16:50]} Bf8 {[%emt 0:03:13]} 21. b3 {[%emt 0:02:57]} Qd5 {[%emt 0:04:03]} 22. Re1 {[%emt 0:04:41]} Re8 {[%emt 0:03:39]} 23. Ne7 {[%emt 0:02:10]} Rxe7 {[%emt 0:01:17]} 24. Rxh6+ {[%emt 0:00:57]} Bxh6 {[%emt 0:00:37]} 25. Qxg6+ {[%emt 0:00:56]} Kxg6 {[%emt 0:00:27]} 26. Rxe7 {[%emt 0:00:03]} Qc5 {[%emt 0:00:37]} 27. Re2 {[%emt 0:00:10]} Qc3 {[%emt 0:00:20]} 28. h4 {[%emt 0:00:12]} Qa1+ {[%emt 0:00:32]} 29. Kh2 {[%emt 0:00:02]} Qf1 {[%emt 0:00:20]} 30. Re4 {[%emt 0:00:02]} Bf4+ {[%emt 0:00:38]} 31. Kh3 {[%emt 0:00:14]} Qh1+ {[%emt 0:00:05]} 32. Kg4 {[%emt 0:00:01]} f5+ {[%emt 0:00:14]} 33. Kxf4 {[%emt 0:00:02]} fxe4 {[%emt 0:00:11]} 0-1

[Event "56th Rubinstein Memorial D 2020"]
[Site "Polanica Zdroj"]
[Date "2020.08.17"]
[Round "3.1"]
[White "Szydelko, Michal"]
[Black "Sypien, Natan"]
[Result "1/2-1/2"]
[WhiteElo "1910"]
[BlackElo "1794"]
[Annotator "TA"]
[PlyCount "57"]
[EventDate "2020.08.15"]
[EventType "swiss"]
[EventCountry "POL"]
[SourceTitle "playchess.com"]
[Source "ChessBase"]
[SourceQuality "1"]

{[%evp 12,57,39,50,42,46,46,28,44,41,58,32,39,32,87,73,72,35,36,24,72,8,98,94,108,102,93,90,101,96,105,103,119,112,120,59,64,59,59,58,57,49,53,42,37,0,0,4]} 1. e4 b6 2. d4 Bb7 3. Bd3 e6 4. Nf3 c5 5. O-O cxd4 6. Nxd4 Nc6 7. Nxc6 Bxc6 {B27: Sicilian: 2 Nf3, unusual Black 2nd moves.} 8. Nc3 Nf6 9. a3 {[#]} d6 $146 {White has an edge.} ({Predecessor:} 9... Be7 10. e5 Nd5 11. Ne4 d6 12. exd6 Bxd6 13. Qh5 Be7 14. Bd2 Nf6 15. Nxf6+ Bxf6 {½-½ (32) Hoppe,D (1981)-Hein,A (1833) Lueneburg 2018}) 10. Qe2 Be7 11. Bf4 O-O 12. Rad1 Qc8 ({Black should play} 12... Qb8 $14) 13. Ba6 $16 Qb8 14. Qc4 (14. e5 $5 {[%cal Re5f6]} Ne8 15. Nb5 $16) 14... Bd7 15. Qb4 {[%cal Rf4d6]} Bc6 16. Bg5 (16. Bg3 $16) 16... Rd8 {[#]} (16... Bb7 $11 17. Qa4 Bxa6 18. Qxa6 Rd8) 17. e5 $1 $36 {[%cal Re5f6][%mdl 2048] White is on the roll.} Nd5 18. Rxd5 $1 Bxg5 19. Rxd6 Be7 20. Rxd8+ Qxd8 21. Qc4 Qe8 22. Rd1 g6 23. Nb5 (23. g3 $16) 23... Bxb5 $1 $14 24. Bxb5 Rd8 25. Rd3 Rxd3 26. Qxd3 Qd8 27. Qxd8+ Bxd8 28. Kf1 Bg5 29. g3 {Accuracy: White = 68%, Black = 74%.} 1/2-1/2

[Event "56th Rubinstein Memorial D 2020"]
[Site "Polanica Zdroj"]
[Date "2020.08.17"]
[Round "3.2"]
[White "Szczygiel, Jakub"]
[Black "Szczygiel, Konrad"]
[Result "1/2-1/2"]
[WhiteElo "1802"]
[BlackElo "1901"]
[Annotator "TA"]
[PlyCount "37"]
[EventDate "2020.08.15"]
[EventType "swiss"]
[EventCountry "POL"]
[SourceTitle "playchess.com"]
[Source "ChessBase"]
[SourceQuality "1"]

{[%evp 9,37,10,27,9,20,0,6,0,0,0,0,0,0,0,5,0,15,16,7,-12,5,0,31,0,14,-6,0,-22,-22,-72]} 1. d4 d6 2. c4 g6 3. Nc3 Bg7 4. g3 Nc6 5. e3 e5 {[%cal Re5d4]} 6. d5 {A41: 1 d4 d6: Tartakower System and Modern Defence.} Nce7 7. e4 f5 8. Bg2 Nf6 9. Nge2 fxe4 10. Nxe4 Nxe4 11. Bxe4 {[#]} O-O $146 ({Predecessor:} 11... Bh3 12. Rg1 Bd7 13. Bg5 O-O 14. Qd2 Bf6 15. Bh6 Bg7 16. Bg5 Bf6 17. Bh6 Bg7 {½-½ (17) Kortschnoj,V (2585)-Nikolic,P (2635) Wijk aan Zee 1992}) 12. Bg5 h6 13. Bxe7 Qxe7 14. Qd3 Bf5 15. f3 Rf6 16. O-O Raf8 {The position is equal.} 17. Nc3 Qf7 18. Qe2 Bh3 19. Rfe1 {Accuracy: White = 90%, Black = 90%.} 1/2-1/2

[Event "56th Rubinstein Memorial D 2020"]
[Site "Polanica Zdroj"]
[Date "2020.08.17"]
[Round "3.3"]
[White "Darowicki, Mariusz"]
[Black "Gromczak, Dariusz"]
[Result "0-1"]
[WhiteElo "1950"]
[BlackElo "1785"]
[Annotator "TA"]
[PlyCount "80"]
[EventDate "2020.08.15"]
[EventType "swiss"]
[EventCountry "POL"]
[SourceTitle "playchess.com"]
[Source "ChessBase"]
[SourceQuality "1"]

{[%evp 9,80,57,47,25,41,5,10,-55,-41,-98,-102,-151,-138,-152,-151,-176,-182,-178,-182,-191,-185,-175,-174,-204,-206,-250,-245,-251,-260,-254,-75,-129,-83,-77,-84,-84,-79,-75,-15,-32,0,0,0,0,0,-62,-50,-56,-66,-93,-39,-36,-35,-108,-56,-47,-29,-391,-371,-358,-343,-353,-363,-501,-493,-443,-434,-527,-512,-810,-727,-843,-801]} 1. d4 g6 2. e4 Bg7 3. Nf3 e6 4. Bg5 Ne7 5. Nc3 h6 6. Be3 {B06: Modern Defence.} d5 {[#]} 7. e5 $146 ({Predecessor:} 7. Be2 dxe4 8. Nxe4 Nf5 9. O-O Nxe3 10. fxe3 Nd7 11. c3 O-O 12. Qc2 Qe7 13. Rae1 {1-0 (49) Jones,I (2164)-Dyk,R (2068) Vienna 2015}) 7... Nd7 8. g4 (8. Qd2 $11) 8... c5 $1 $15 9. Nb5 {[#]} ({White should play} 9. dxc5 $15 Nxe5 10. Nxe5 Bxe5 11. Bd4) 9... cxd4 $1 $17 10. Nd6+ Kf8 11. Bxd4 Nc6 {[%cal Rd7e5]} 12. c3 Ndxe5 13. Nxe5 Qxd6 14. Nxc6 bxc6 15. Bxg7+ Kxg7 16. Qe2 Qf4 17. Rd1 e5 18. Rg1 h5 19. gxh5 Bf5 $2 (19... Qxh2 $19 {and Black stays clearly on top.} 20. h6+ Rxh6) 20. h4 (20. h3 $142) 20... Qe4 21. Qxe4 Bxe4 (21... dxe4 $6 22. hxg6 fxg6 23. Rd6 $11) 22. Be2 Kf6 23. Rg5 Rh6 (23... gxh5 $17 24. Kd2 Ke6) 24. c4 $11 d4 {[#]} 25. f4 $1 {[%cal Rf4e5][%mdl 512]} Bf5 ({But not} 25... exf4 26. Rxd4 Re8 27. Kf2 $16) 26. fxe5+ Kxe5 27. Kf2 (27. Kd2 $11) 27... Rb8 $36 {[%mdl 2048] Black has the initiative.} 28. b3 c5 29. Bf3 a5 (29... Kf4 $17 30. Rf1 f6) 30. Re1+ Kf6 31. Bd1 (31. Kg3 $15) 31... Rhh8 (31... Rd8 $17 32. Rf1 d3) 32. Rf1 $15 Rbe8 33. Re1 $2 {[%mdl 8192] Now White is beyond hope.} (33. Kg2 $1 $11 {and White is okay.}) 33... Rxe1 $19 34. Kxe1 {[%mdl 4096] Endgame KRB-KRB} Re8+ 35. Kd2 {[#]} Re4 $1 36. hxg6 fxg6 {Black is clearly winning.} 37. Rg2 Rxh4 38. Re2 g5 39. Re8 (39. Bc2 $142 g4 40. Rf2) 39... Rh2+ 40. Kc1 Rxa2 {Accuracy: White = 41%, Black = 77%.} 0-1

[Event "56th Rubinstein Memorial D 2020"]
[Site "Polanica Zdroj"]
[Date "2020.08.17"]
[Round "3.4"]
[White "Bienkowski, Zbigniew"]
[Black "Lewandrowski, Tomasz"]
[Result "1-0"]
[WhiteElo "1739"]
[BlackElo "1879"]
[Annotator "NA RC"]
[PlyCount "51"]
[EventDate "2020.08.15"]
[EventType "swiss"]
[EventCountry "POL"]
[SourceTitle "playchess.com"]
[Source "ChessBase"]
[SourceQuality "1"]
[TimeControl "40/5400+30:1800+30"]

{[%evp 8,51,-27,-22,0,-33,1,0,0,-4,18,17,10,20,8,30,75,18,102,99,130,64,120,50,202,179,227,32767,32767,32767,32767,32767,249,249,816,1107,2135,2711,32767,32767,32767,32767,2555,1147,2513,1863]} 1. e4 c5 2. d4 {[%emt 0:00:48]} cxd4 {[%emt 0:00:29]} 3. c3 {[%emt 0:00:05]} dxc3 {[%emt 0:03:32]} 4. Nxc3 {[%emt 0:00:07]} e6 {[%emt 0:00:25]} 5. Nf3 {[%emt 0:07:01]} Bb4 {[%emt 0:03:57]} 6. Bd2 {[%emt 0:24:05] [#] B21: Sicilian: 2 f4 and Morra Gambit.} Bxc3 $146 {[%emt 0:01:59]} ({Predecessor:} 6... Nc6 7. a3 Ba5 8. Bd3 d6 9. O-O Nf6 10. Re1 e5 11. h3 Bxc3 12. Bxc3 Be6 13. Qe2 Qe7 {½-½ (41) Wu,Y (1465)-Harandi,T (1487) Torquay 2019}) 7. Bxc3 {[%emt 0:00:04]} Nf6 {[%emt 0:00:18]} 8. Bd3 {[%emt 0:00:37]} d5 {[%emt 0:05:29]} 9. e5 {[%emt 0:09:08]} Nfd7 {[%emt 0:01:39]} 10. O-O {[%emt 0:02:06]} Nc6 {[%emt 0:01:46]} 11. Re1 {[%emt 0:01:16]} Nf8 {[%emt 0:03:16]} (11... b6 $11) 12. Qd2 {[%emt 0:03:20]} (12. Qa4 $16) 12... Bd7 {[%emt 0:02:17] [#]} (12... Ng6 $11) 13. b4 $1 {[%emt 0:00:38]} Ng6 {[%emt 0:06:45]} 14. g3 {[%emt 0:02:55]} (14. b5 $16 Nce7 15. h4) 14... O-O {[%emt 0:07:25]} (14... a6 $14) 15. h4 {[%emt 0:00:53]} Re8 $2 {[%emt 0:00:25]} (15... d4 $14 16. Bb2 (16. Nxd4 Nxd4 17. Bxd4 Bc6 $11) 16... a6) 16. h5 {[%emt 0:01:17]} Nf8 {[%emt 0:00:22]} 17. h6 {[%emt 0:01:52]} Ne7 {[%emt 0:02:48]} 18. hxg7 {[%emt 0:00:58]} Kxg7 {[%emt 0:00:10]} 19. Kg2 {[%emt 0:00:27]} Nfg6 {[%emt 0:08:38]} 20. Rh1 {[%emt 0:03:35]} Ng8 $2 {[%emt 0:00:31]} (20... Rh8 21. Rh5 Kg8) 21. Rh5 {[%emt 0:03:26]} f5 {[%emt 0:07:32]} 22. exf6+ {[%emt 0:04:36]} Nxf6 {[%emt 0:00:07]} 23. Qh6+ {[%emt 0:03:08]} Kf7 {[%emt 0:00:16]} 24. Ng5+ {[%emt 0:01:13]} Ke7 {[%emt 0:01:20]} 25. Qg7+ {[%emt 0:10:39]} Kd6 {[%emt 0:00:11]} 26. Bxf6 $18 {[%emt 0:00:17]} 1-0

[Event "56th Rubinstein Memorial D 2020"]
[Site "Polanica Zdroj"]
[Date "2020.08.17"]
[Round "3.5"]
[White "Simon, Marek"]
[Black "Kalkowski, Igor"]
[Result "1-0"]
[WhiteElo "1878"]
[BlackElo "1747"]
[Annotator "NA RC"]
[PlyCount "44"]
[EventDate "2020.08.15"]
[EventType "swiss"]
[EventCountry "POL"]
[SourceTitle "playchess.com"]
[Source "ChessBase"]
[SourceQuality "1"]
[TimeControl "40/5400+30:1800+30"]

{[%evp 8,44,45,23,32,-7,10,2,-25,-41,-36,-52,0,-14,-16,-22,-23,-31,-39,-19,-44,-33,-10,-24,0,-2,-10,-86,-33,-38,-14,-38,-32,-45,-25,-32,-34,-56,268]} 1. d4 {[%emt 0:00:00]} d5 {[%emt 0:00:00]} 2. c4 {[%emt 0:00:00]} dxc4 {[%emt 0:00:00]} 3. e4 {[%emt 0:00:10]} c5 {[%emt 0:00:00]} 4. d5 {[%emt 0:04:06]} Nf6 {[%emt 0:00:47]} 5. Nc3 {[%emt 0:04:43]} b5 {[%emt 0:00:09]} 6. Nxb5 {[%emt 0:16:18] D20: Queen's Gambit Accepted: 3 e3 and 3 e4.} Qa5+ {[%emt 0:00:08]} 7. Nc3 {[%emt 0:00:17]} Nxe4 $1 {[%emt 0:00:09]} 8. Qa4+ {[%emt 0:01:07]} Qxa4 {[%emt 0:01:48]} 9. Nxa4 {[%emt 0:00:11] [#]} Nd7 $146 {[%emt 0:14:26]} ({Predecessor:} 9... Bd7 10. f3 Bxa4 11. fxe4 Bc2 12. e5 Be4 13. Be3 Bxd5 14. Bxc5 Nd7 15. Bd4 e6 {0-1 (25) Salomons,Q-Reichardt,R (1707) Rotterdam 2015}) 10. Bxc4 {[%emt 0:07:31]} Nd6 {[%emt 0:00:44]} 11. Be2 {[%emt 0:03:34]} Bb7 {[%emt 0:01:07]} 12. Be3 {[%emt 0:04:04]} Bxd5 {[%emt 0:03:23]} 13. Nf3 {[%emt 0:01:41]} Rc8 {[%emt 0:05:31]} 14. O-O {[%emt 0:06:04]} e6 {[%emt 0:01:06]} 15. Rfc1 {[%emt 0:03:37]} Ne4 {[%emt 0:03:19]} 16. Bb5 {[%emt 0:16:14]} Bc6 {[%emt 0:02:13]} 17. Nd4 {[%emt 0:02:46]} (17. Bxc6 $11 {remains equal.} Rxc6 18. Nc3) 17... Bxb5 {[%emt 0:02:22]} (17... cxd4 $17 18. Bxc6 dxe3 19. Bxe4 exf2+ 20. Kxf2 Bc5+ 21. Nxc5 Nxc5) 18. Nxb5 {[%emt 0:00:04]} Be7 {[%emt 0:11:13]} 19. Rc4 {[%emt 0:04:02]} a6 {[%emt 0:02:57]} 20. Na7 {[%emt 0:05:52]} Nd6 {[%emt 0:01:23]} 21. Nxc8 {[%emt 0:00:20]} Nxc4 {[%emt 0:00:08]} 22. Nxe7 {[%emt 0:00:42]} Nxb2 $18 {[%emt 0:01:44]} (22... Kxe7 $15 {keeps the upper hand.} 23. Bxc5+ Nxc5 24. Nxc5 Nxb2) 1-0

[Event "56th Rubinstein Memorial D 2020"]
[Site "Polanica Zdroj"]
[Date "2020.08.17"]
[Round "3.6"]
[White "Ursnik, Patryk"]
[Black "Podgorski, Maciej"]
[Result "1-0"]
[WhiteElo "1601"]
[BlackElo "1810"]
[Annotator "NA RC"]
[PlyCount "75"]
[EventDate "2020.08.15"]
[EventType "swiss"]
[EventCountry "POL"]
[SourceTitle "playchess.com"]
[Source "ChessBase"]
[SourceQuality "1"]
[TimeControl "40/5400+30:1800+30"]

{[%evp 8,72,19,23,8,11,20,4,5,4,14,5,22,33,64,31,81,45,54,72,59,45,67,68,64,59,78,32,31,-23,0,-53,20,32767,32767,0,21,59,256,246,286,266,304,329,366,272,350,182,153,189,156,177,166,191,535,605,585,-106,461,482,560,562,667,487,1053,1342,29996]} 1. e4 {[%emt 0:06:58]} c5 {[%emt 0:00:00]} 2. c3 {[%emt 0:00:09]} d5 {[%emt 0:03:09]} 3. exd5 {[%emt 0:00:06]} Qxd5 {[%emt 0:00:05]} 4. d4 {[%emt 0:00:07]} Nf6 {[%emt 0:00:06]} 5. Nf3 {[%emt 0:00:10]} Bg4 {[%emt 0:00:23]} 6. Be2 {[%emt 0:00:09]} e6 {[%emt 0:00:18]} 7. h3 {[%emt 0:00:05]} Bh5 {[%emt 0:00:41]} 8. O-O {[%emt 0:00:06]} Be7 {[%emt 0:00:33]} 9. Be3 {[%emt 0:00:08]} O-O {[%emt 0:01:12] B22: Sicilian: 2 c3.} 10. dxc5 {[%emt 0:01:01]} Nbd7 {[%emt 0:02:19]} 11. b4 {[%emt 0:02:37]} a5 {[%emt 0:02:08]} 12. Nbd2 {[%emt 0:08:14]} axb4 {[%emt 0:04:06]} 13. cxb4 {[%emt 0:00:58]} Rxa2 {[%emt 0:03:16]} 14. Bc4 {[%emt 0:00:27]} Rxa1 {[%emt 0:02:45]} 15. Qxa1 {[%emt 0:00:04]} Qc6 {[%emt 0:04:22] [#]} 16. Nd4 $146 {[%emt 0:07:34]} ({Predecessor:} 16. Re1 Bxf3 17. Nxf3 Nd5 18. Nd4 Qc7 19. Bxd5 exd5 20. Bf4 Qd8 21. Qa7 Bf6 22. Rd1 {1-0 (37) Mukhina,J-Smorchkov,D Satka 2011}) 16... Qc8 {[%emt 0:02:05]} 17. Qa2 {[%emt 0:15:45]} Ne5 {[%emt 0:06:02]} 18. Bg5 {[%emt 0:11:34]} (18. Bf4 $14 Nc6 19. Nxc6 Qxc6 20. Be5) 18... Qd7 {[%emt 0:09:40]} 19. Nb5 {[%emt 0:11:51]} Kh8 {[%emt 0:11:21]} (19... Bg6 $15 20. Nc3 {[#]} Nd5 $1 {[%mdl 512]} 21. Bxd5 Bxg5) 20. Bf4 {[%emt 0:03:28]} Nc6 {[%emt 0:03:52]} 21. Qb3 {[%emt 0:05:09]} e5 {[%emt 0:01:03]} 22. Be3 {[%emt 0:00:43]} g5 $2 {[%emt 0:06:20]} (22... Rd8 $11 {and Black has nothing to worry.}) 23. Bxg5 {[%emt 0:03:15]} Rg8 {[%emt 0:03:19]} 24. Bxf6+ {[%emt 0:02:58]} Bxf6 {[%emt 0:00:16]} 25. Ne4 {[%emt 0:00:03]} Bh4 {[%emt 0:01:07]} 26. Ned6 {[%emt 0:01:19]} Rg7 {[%emt 0:05:05]} 27. Qd3 {[%emt 0:04:06]} (27. Ra1 $142) 27... Nxb4 {[%emt 0:04:42]} 28. Qf5 {[%emt 0:00:27]} Qc6 {[%emt 0:02:05] [#]} 29. g4 $1 {[%emt 0:02:59]} Bg6 {[%emt 0:04:22]} 30. Qxe5 {[%emt 0:02:07]} Qf3 $2 {[%emt 0:01:24]} (30... f6 31. Qe6 Na6) 31. Ne8 {[%emt 0:04:59] Pin} f6 {[%emt 0:03:41]} 32. Qb8 $2 {[%emt 0:01:04]} ({Only move:} 32. Qd6 $18 Rg8 33. Bxg8) 32... Rg8 $2 {[%emt 0:03:24]} (32... Nc6 $17 33. Nd4 {[#]} Bxf2+ $1 {[%mdl 576] Double Attack} 34. Kh2 Bxd4 35. Rxf3 Nxb8 36. Nxg7 Kxg7) 33. Bxg8 {[%emt 0:01:21]} Be4 {[%emt 0:00:35]} 34. Qh2 {[%emt 0:00:06]} Kxg8 {[%emt 0:09:53]} 35. Nd4 {[%emt 0:00:58]} Qc3 {[%emt 0:01:16]} (35... Bxf2+ $142 36. Rxf2 Qd1+ 37. Rf1 Qxd4+ 38. Qf2 Qxf2+ 39. Rxf2 Bc6 40. Nxf6+ Kg7 41. Nh5+ Kg8) 36. Qc7 {[%emt 0:01:05]} Kf8 {[%emt 0:00:33]} 37. Ne6+ {[%emt 0:01:21]} Kxe8 {[%emt 0:00:15]} 38. Qd8+ {[%emt 0:00:07]} 1-0

[Event "56th Rubinstein Memorial D 2020"]
[Site "Polanica Zdroj"]
[Date "2020.08.17"]
[Round "3.7"]
[White "Janicki, Rafal"]
[Black "Grzebieniowski, Michal"]
[Result "1-0"]
[WhiteElo "1851"]
[BlackElo "1390"]
[Annotator "NA RC"]
[PlyCount "65"]
[EventDate "2020.08.15"]
[EventType "swiss"]
[EventCountry "POL"]
[SourceTitle "playchess.com"]
[Source "ChessBase"]
[SourceQuality "1"]
[TimeControl "40/5400+30:1800+30"]

{[%evp 8,61,12,10,22,-3,0,26,0,0,-1,-8,8,-4,16,0,0,9,89,8,31,-43,25,0,10,-155,-154,-143,-25,-133,-52,0,10,-91,-3,-165,-144,-221,-203,-540,-453,-519,-455,-443,196,251,232,308,32767,32767,32767,1946,29984,29986,29985,29982]} 1. e4 {[%emt 0:00:00]} c6 {[%emt 0:00:00]} 2. d4 {[%emt 0:00:00]} d5 {[%emt 0:00:00]} 3. exd5 {[%emt 0:00:00]} cxd5 {[%emt 0:00:00]} 4. c4 {[%emt 0:00:00]} Nf6 {[%emt 0:00:02]} 5. Nc3 {[%emt 0:00:16]} e6 {[%emt 0:00:16]} 6. c5 {[%emt 0:00:46]} Be7 {[%emt 0:00:14]} 7. Nf3 {[%emt 0:00:48]} O-O {[%emt 0:00:18]} 8. Bf4 {[%emt 0:01:07]} b6 {[%emt 0:00:18]} 9. b4 {[%emt 0:00:51]} a5 {[%emt 0:00:28] is the legacy move (9...Ne4).} 10. a3 {[%emt 0:00:53] B14: Caro-Kann: Panov-Botvinnik Attack with 5...e6 and 5...g6.} Bb7 {[%emt 0:02:42]} 11. Bb5 {[%emt 0:05:41]} Ne4 {[%emt 0:01:30]} 12. Qc1 {[%emt 0:18:31] [#]} f5 $146 {[%emt 0:00:29]} ({Predecessor:} 12... axb4 $11 13. axb4 Rxa1 (13... Nc6 14. Bxc6 Bxc6 15. Ne5 Be8 16. Rxa8 Qxa8 17. Nxe4 dxe4 18. O-O Bb5 {½-½ (33) Karagiannis,A (2391)-Kononenko,T (2388) Nikea 2002}) 14. Qxa1 Nc6 15. Bxc6 Bxc6) 13. h4 {[%emt 0:07:01]} (13. O-O $16) 13... Bf6 {[%emt 0:01:35]} 14. Na4 {[%emt 0:05:20]} (14. O-O $14) 14... bxc5 {[%emt 0:00:23]} (14... Bc6 $15 15. Nxb6 Bxb5 16. Nxa8 axb4) 15. bxc5 {[%emt 0:04:02]} Bc6 {[%emt 0:02:08]} 16. Rb1 $2 {[%emt 0:02:30]} ({White should play} 16. Nc3 $11) 16... Bxb5 {[%emt 0:00:35]} 17. Rxb5 {[%emt 0:00:43] [#]} Nc6 {[%emt 0:00:09]} (17... Qe8 $1 $17 {[%cal Re8b5]} 18. Rxb8 Rxb8 19. Bxb8 Qxa4) 18. Qb2 {[%emt 0:01:21] [#]} ({White should play} 18. Qd1 $1 $15) 18... Ra7 {[%emt 0:03:16]} (18... Qe8 $1 $17 19. Qe2 Nxd4 20. Nxd4 Bxd4) 19. Rb6 {[%emt 0:05:45]} Qd7 {[%emt 0:01:04]} 20. Qb5 {[%emt 0:03:11]} (20. Bg5 $1 $11 {was the only way to keep the balance.}) 20... Nxd4 {[%emt 0:00:57]} 21. Nxd4 $2 {[%emt 0:00:42]} (21. Qxd7 $1 $11 {and White has nothing to worry.} Rxd7 22. Ne5 Bxe5 23. Bxe5 Nc2+ {[%mdl 64] Double Attack} 24. Ke2) 21... Bxd4 {[%emt 0:00:06]} 22. c6 {[%emt 0:01:59]} Bxf2+ {[%emt 0:00:07]} 23. Ke2 $2 {[%emt 0:01:16]} (23. Kd1 Qe7 24. Rb8) 23... Qe8 {[%emt 0:00:47]} 24. Rb8 {[%emt 0:01:59]} Qh5+ {[%emt 0:00:18] Double Attack} 25. Kd3 {[%emt 0:00:14] [#]} Ra8 $4 {[%emt 0:01:17]} (25... Raf7 $1 $19 {and all is fine.} 26. c7 Qg4 {[%mdl 64] Double Attack}) 26. c7 {[%emt 0:01:23]} Bg3 {[%emt 0:00:59]} 27. Rxa8 {[%emt 0:15:45]} Rxa8 {[%emt 0:01:08]} 28. Qb8+ {[%emt 0:00:12]} Kf7 {[%emt 0:06:11]} 29. Qxa8 {[%emt 0:00:00]} Bxf4 {[%emt 0:00:36]} 30. c8=Q {[%emt 0:02:50]} Nf2+ {[%emt 0:00:58]} 31. Kd4 {[%emt 0:00:23]} Qe2 {[%emt 0:00:44]} 32. Qe8+ {[%emt 0:00:16]} Kf6 {[%emt 0:00:02]} 33. Qad8# 1-0